| 000 | 00512nam a22001577a 4500 | ||
|---|---|---|---|
| 003 | macl | ||
| 005 | 20201023170606.0 | ||
| 008 | 201023b xxu||||| |||| 00| 0 eng d | ||
| 040 | _cmacl | ||
| 082 | _a920/KUM | ||
| 100 |
_aकुमार,मनीष _975320 |
||
| 245 | _aभारतीय गणित एंव खगाेल वैज्ञानिक | ||
| 260 |
_aदिल्ली _bविधासागर प्रकाशन _c2019 |
||
| 650 |
_aजीवनी _97943 |
||
| 942 |
_2ddc _cHIN |
||
| 999 |
_c63812 _d63812 |
||